00732nam a22001697a 450000500170000001000150001702000300003203500140006203700130007608200080008910000200009724501840011726000500030127001130035130000720046470000260053620201215162801.0 aENG-128685 a978-93-5296-553-3c300.00 aEN-112217 bDBAD/PUB a344 aPeshawaria, Anu aNever Again: An Indian American Attorney's Campaign Against Domestic Violence and Abuse among South Asian and Legal Immigration Policies/cAnu Peshawaria; Edited by Darcy Crossman aNew DelhibDiamond Pocket Boks (P) Ltd.c2019 bNew Delhie110020aX-30, Okhla Industrial Area, Phase-IImsales@dpb.ink011-40712100, 41611861l011-41611866 axi+224p.c22cm(pbk)bIncluding Bibliographical reference and notes. aCrossman, Darcy , Ed.